| 000 -LEADER |
| fixed length control field |
01379cam a2200349 a 4500 |
| 001 - CONTROL NUMBER |
| control field |
.b18542396 |
| 003 - CONTROL NUMBER IDENTIFIER |
| control field |
OSt |
| 005 - DATE AND TIME OF LATEST TRANSACTION |
| control field |
20250902154310.0 |
| 008 - FIXED-LENGTH DATA ELEMENTS--GENERAL INFORMATION |
| fixed length control field |
200513s2019 nyua d 000 1 eng d |
| 020 ## - INTERNATIONAL STANDARD BOOK NUMBER |
| International Standard Book Number |
9780553510744 |
| Qualifying information |
(pbk.) |
| 020 ## - INTERNATIONAL STANDARD BOOK NUMBER |
| International Standard Book Number |
0553510746 |
| Qualifying information |
(pbk.) |
| 040 ## - CATALOGING SOURCE |
| Original cataloging agency |
LPL |
| Language of cataloging |
eng |
| Transcribing agency |
LPL |
| Modifying agency |
GK8 |
| -- |
YDX |
| -- |
CLE |
| -- |
CNWPU |
| -- |
OCL |
| -- |
YDXIT |
| -- |
KH8 |
| 042 ## - AUTHENTICATION CODE |
| Authentication code |
nbic |
| 082 ## - DEWEY DECIMAL CLASSIFICATION NUMBER |
| Classification number |
FIC PUL |
| 100 1# - MAIN ENTRY--PERSONAL NAME |
| Personal name |
Pullman, Philip, |
| Dates associated with a name |
1946- |
| Relator term |
author. |
| 245 10 - TITLE STATEMENT |
| Title |
The book of dust / |
| Statement of responsibility, etc. |
Philip Pullman. |
| 260 ## - PUBLICATION, DISTRIBUTION, ETC. |
| Place of publication, distribution, etc. |
New York : |
| Name of publisher, distributor, etc. |
Alfred A. Knopf, |
| Date of publication, distribution, etc. |
2019. |
| 300 ## - PHYSICAL DESCRIPTION |
| Extent |
453 p. : |
| Other physical details |
ill. ; |
| Dimensions |
21 cm. |
| 490 1# - SERIES STATEMENT |
| Series statement |
The book of dust ; |
| Volume/sequential designation |
v. 1. |
| 520 ## - SUMMARY, ETC. |
| Summary, etc. |
When Malcolm finds a secret message inquiring about a dangerous substance called Dust, he finds himself embroiled in a tale of intrigue featuring enforcement agents from the Magisterium, a woman with an evil monkey daemon, and a baby named Lyra. |
| 586 ## - AWARDS NOTE |
| Awards note |
Booklist Editors' Choice: Books for Youth, 2017. |
| 586 ## - AWARDS NOTE |
| Awards note |
2018 YALSA Best Fiction for Young Adults. |
| 650 #0 - SUBJECT ADDED ENTRY--TOPICAL TERM |
| Topical term or geographic name entry element |
Belacqua, Lyra (Fictitious character) |
| Form subdivision |
Juvenile fiction. |
| 650 #0 - SUBJECT ADDED ENTRY--TOPICAL TERM |
| Topical term or geographic name entry element |
Friendship |
| Form subdivision |
Juvenile fiction. |
| 650 #0 - SUBJECT ADDED ENTRY--TOPICAL TERM |
| Topical term or geographic name entry element |
Familiars (Spirits) |
| Form subdivision |
Juvenile fiction. |
| 650 #0 - SUBJECT ADDED ENTRY--TOPICAL TERM |
| Topical term or geographic name entry element |
Adventure stories. |
| 650 #0 - SUBJECT ADDED ENTRY--TOPICAL TERM |
| Topical term or geographic name entry element |
Spy stories. |
| 650 #0 - SUBJECT ADDED ENTRY--TOPICAL TERM |
| Topical term or geographic name entry element |
Taverns (Inns) |
| Form subdivision |
Juvenile fiction. |
| 650 #0 - SUBJECT ADDED ENTRY--TOPICAL TERM |
| Topical term or geographic name entry element |
Infants |
| Form subdivision |
Juvenile fiction. |
| 650 #0 - SUBJECT ADDED ENTRY--TOPICAL TERM |
| Topical term or geographic name entry element |
Magic |
| Form subdivision |
Juvenile fiction. |
| 942 ## - ADDED ENTRY ELEMENTS (KOHA) |
| Source of classification or shelving scheme |
|
| Koha item type |
Books - Fiction |